Countries that Use the Pound - Statistics

General Stats
  • This quiz has been taken 308 times
  • The average score is 2 of 6
Answer Stats
Answer % Correct
United Kingdom
100%
Egypt
41%
Sudan
27%
South Sudan
24%
Syria
24%
Lebanon
22%
No matching quizzes found
Score Distribution
Percent of People with Each Score
Percentile by Number Answered
Your Score History
You have not taken this quiz